书目信息 |
| 题名: |
茉莉花的栽培和加工
|
|
| 作者: | 刘少鹏 , 陆生椿 编著 | |
| 分册: | ||
| 出版信息: | 北京 轻工业出版社 1975 |
|
| 页数: | 58页 | |
| 开本: | 19cm | |
| 丛书名: | ||
| 单 册: | ||
| 中图分类: | S685.163 , S681 | |
| 科图分类: | ||
| 主题词: | 茉莉--栽培 , 茉莉--加工 , 观赏园艺 , 花卉 , 园林树木 | |
| 电子资源: | ||
| ISBN: | ||
| 000 | 00800nam0 2200301 45 | |
| 001 | 0175003474 | |
| 005 | 20040521095744.8 | |
| 010 | @dCNY0.16 | |
| 100 | @a19951017d1975 em y0chiy0121 ea | |
| 101 | 0 | @achi |
| 102 | @aCN@b110000 | |
| 105 | @ay z 000yy | |
| 106 | @ar | |
| 200 | 10 | @a茉莉花的栽培和加工@Amo li hua de zai pei he jia gong@e茉莉花与大花茉莉@f刘少鹏,陆生椿编著 |
| 210 | @a北京@c轻工业出版社@d1975 | |
| 215 | @a58页@d19cm | |
| 606 | @a茉莉@x栽培 | |
| 606 | @a茉莉@x加工 | |
| 606 | 0 | @a观赏园艺 |
| 606 | 0 | @a花卉 |
| 606 | 0 | @a园林树木 |
| 690 | @aS685.163@v3 | |
| 690 | @aS681 | |
| 701 | 0 | @a刘少鹏@Aliu shao peng@4编著 |
| 701 | 0 | @a陆生椿@Alu sheng chun@4编著 |
| 801 | 0 | @aCN@b广东省中山图书馆@c20040521 |
| 801 | 2 | @aCN@bNLC@c20040521 |
| 905 | @f1@b6895@dS681@e1 | |
| 茉莉花的栽培和加工:茉莉花与大花茉莉/刘少鹏,陆生椿编著.-北京:轻工业出版社,1975 |
| 58页;19cm |
| ISBN :CNY0.16 |
| ● |
| 相关链接 |
|
|
|
|
正题名:茉莉花的栽培和加工
索取号:S681/1
 
预约/预借
| 序号 | 登录号 | 条形码 | 馆藏地/架位号 | 状态 | 备注 |
| 1 | 0006894 | 000718575 | 第二样本阅览室/ [索取号:S681/1] | 在馆 | |
| 2 | 0006895 | 000718584 | 密集书库/ [索取号:S681/1] | 在馆 |